NLSUI OPAC header image

Lowndes and Rudolf : (Record no. 25512)

MARC details
000 -LEADER
fixed length control field 02147cam a2200421 a 4500
001 - CONTROL NUMBER
control field 15326677
003 - CONTROL NUMBER IDENTIFIER
control field OSt
005 - DATE AND TIME OF LATEST TRANSACTION
control field 20201113131758.0
008 - FIXED-LENGTH DATA ELEMENTS--GENERAL INFORMATION
fixed length control field 080409s2008 enk 000 0 eng
010 ## - LIBRARY OF CONGRESS CONTROL NUMBER
LC control number 2008411244
015 ## - NATIONAL BIBLIOGRAPHY NUMBER
National bibliography number GBA857742
Source bnb
016 7# - NATIONAL BIBLIOGRAPHIC AGENCY CONTROL NUMBER
Record control number 014590590
Source Uk
020 ## - INTERNATIONAL STANDARD BOOK NUMBER
International Standard Book Number 9781847030337 (hard)
020 ## - INTERNATIONAL STANDARD BOOK NUMBER
International Standard Book Number 1847030335 (hard)
035 ## - SYSTEM CONTROL NUMBER
System control number (OCoLC)ocn225453876
035 ## - SYSTEM CONTROL NUMBER
System control number (OCoLC)225453876
040 ## - CATALOGING SOURCE
Original cataloging agency UKM
Transcribing agency UKM
Modifying agency DLC
050 00 - LIBRARY OF CONGRESS CALL NUMBER
Classification number K1173
Item number .L69 2008
082 04 - DEWEY DECIMAL CLASSIFICATION NUMBER
Classification number 343.41096
Edition number 22
245 00 - TITLE STATEMENT
Title Lowndes and Rudolf :
Remainder of title the law of general average and-the York/Antwerp Rules.
246 38 - VARYING FORM OF TITLE
Title proper/short title Lowndes & Rudolf
246 14 - VARYING FORM OF TITLE
Title proper/short title General average and the York-Antwerp rules
250 ## - EDITION STATEMENT
Edition statement 13th ed. /
Remainder of edition statement by Julian Cooke, Richard Cornah.
260 ## - PUBLICATION, DISTRIBUTION, ETC.
Place of publication, distribution, etc. London :
Name of publisher, distributor, etc. Sweet & Maxwell,
Date of publication, distribution, etc. 2008.
300 ## - PHYSICAL DESCRIPTION
Extent xl, 825 p. ;
Dimensions 24 cm.
440 #0 - SERIES STATEMENT/ADDED ENTRY--TITLE
Title British shipping laws
500 ## - GENERAL NOTE
General note Previous ed.: published as by D.J. WIlson, J.H.S. Cooke. 1997.
505 ## - FORMATTED CONTENTS NOTE
Formatted contents note Table of Contents<br/>Section 1 Historical introduction; Section 2 Some principles of the law of carriage by sea; Section 3 The history and development of the York-Antwerp rules; Section 4 The York-Antwerp Rules 1994/2004. Section 5 – Assessing and enforcing rights of contribution; Section 6 - The currency of the adjustment; Section 7 - General average and insurers and recoveries; Appendices; Appendix 1 – The Roman Civil law; Appendix 2A – York-Antwerp Rules (1877), York Rules (1864) and York-Antwerp Rules (1877); Appendix 2B – York-Antwerp Rules of 1890, 1924, 1950, 1974 (and as amended 1990), 1994 and 2004; Appendix 3 – Rules of practice (adopted by the association of adjusters) Appendix 4 – Documents; Index. <br/>
630 00 - SUBJECT ADDED ENTRY--UNIFORM TITLE
Uniform title York-Antwerp rules.
650 #0 - SUBJECT ADDED ENTRY--TOPICAL TERM
Topical term or geographic name entry element Average (Maritime law)
700 1# - ADDED ENTRY--PERSONAL NAME
Personal name Cooke, J. H. S.
Fuller form of name (Julian Humphrey Spencer)
700 1# - ADDED ENTRY--PERSONAL NAME
Personal name Cornah, R. R.
Fuller form of name (Richard R.)
700 1# - ADDED ENTRY--PERSONAL NAME
Personal name Lowndes, Richard.
Title of a work Law of general average.
700 1# - ADDED ENTRY--PERSONAL NAME
Personal name Rudolf, George Rupert.
Title of a work York-Antwerp rules.
906 ## - LOCAL DATA ELEMENT F, LDF (RLIN)
a 7
b cbc
c copycat
d 2
e ncip
f 20
g y-gencatlg
942 ## - ADDED ENTRY ELEMENTS (KOHA)
Source of classification or shelving scheme Dewey Decimal Classification
Koha item type BOOKs
Holdings
Withdrawn status Lost status Damaged status Not for loan Home library Current library Shelving location Date acquired Cost, normal purchase price Total Checkouts Full call number Barcode Date last seen Price effective from Koha item type Public note
        . . NAB Compactor 30.05.2017 20250.00   341.7566 LOW 23244 30.05.2017 30.05.2017 BOOKs Kept in the NAB Compactor